00806 2200217 4500001002100000005001700021008004100038035002400079082001100103090002200114100001400136245020200150260002800352300003400380500008700414500003100501650002600532850000900558985000600567999001500573YOGYA-0209000007251720090227093629.0 ind  0010-020900000072517 a362.12 a362.12bSuh PlSK aSUHARYANI aPengaruh persepsi masyarakat tentang kader posyandu dan sentuhan media massa terhadap pelembagaan posyandubStudi penelitian di desa Nogotirto,Kecamatan Gamping,Kabupaten Sleman DIYcoleh Suharyani aYogyakartab[s.n]c30cm axii,101[22]lembarbilusc30cm aSkripsi Fakultas Ilmu Sosial dan Ilmu Politik Universitas Proklamasi 45 Yogyakarta aBibliografi:lembar 100-101 aPos Pelayanan Terpadu aBPAD a1 a08A0036459